EMPHA : an emotional, mental and physical health analyser /
Saved in:
| Main Author: | |
|---|---|
| Format: | Thesis Book |
| Language: | English |
| Published: |
2008.
|
| Subjects: | |
| Online Access: | http://dspace.fsktm.um.edu.my/handle/1812/212 |
| Tags: |
Add Tag
No Tags, Be the first to tag this record!
|
| LEADER | 01139cam a2200289 a 4500 | ||
|---|---|---|---|
| 001 | u786532 | ||
| 003 | SIRSI | ||
| 005 | 201002091125 | ||
| 008 | 100209s2008 my t 000 0 eng m | ||
| 040 | |a UMM | ||
| 043 | |a a-pk--- | ||
| 090 | |a QA76.758 |b UM 2008 Har | ||
| 100 | 1 | |a Haroon, Muhammad. | |
| 245 | 1 | 0 | |a EMPHA : |b an emotional, mental and physical health analyser / |c Muhammad Haroon. |
| 260 | |c 2008. | ||
| 300 | |a xv, 168 leaves : |b ill. ; |c 30 cm. | ||
| 502 | |a Dissertation (M.Softw. Eng.) -- Fakulti Sains Komputer dan Teknologi Maklumat, Universiti Malaya, 2009. | ||
| 504 | |a Bibliography: leaves 138-142. | ||
| 650 | 0 | |a Web-based user interfaces |x Design and construction. | |
| 650 | 0 | |a Web databases |x Development. | |
| 650 | 0 | |a Self-care, Health |z Pakistan |x Data processing. | |
| 650 | 0 | |a Public health |x Data processing. | |
| 710 | 2 | |a Universiti Malaya. |b Fakulti Sains Komputer dan Teknologi Maklumat. | |
| 856 | 4 | 1 | |u http://dspace.fsktm.um.edu.my/handle/1812/212 |
| 900 | |a ZSA-ZA | ||
| 596 | |a 1 | ||
| 999 | |a QA76.758 UM 2008 HAR |w LC |c 1 |i A513497579 |d 16/3/2013 |e 16/3/2013 |f 11/3/2010 |g 1 |l STACKS |m P01UTAMA |n 4 |r Y |s Y |t TESIS |u 11/3/2010 | ||
